[Event "45th Olympiad 2024"]
[Site "Budapest HUN"]
[Date "2024.09.22"]
[Round "11.70"]
[Board "4"]
[White "Van Delden, Johan"]
[Black "Lee Luen Mang, Stefan"]
[Result "1-0"]
[WhiteElo "1909"]
[BlackElo "1803"]
[PlyCount "65"]
[EventDate "2024.09.11"]
[WhiteTeam "Netherlands Antilles"]
[BlackTeam "Mauritius"]
[WhiteTeamCountry "AHO"]
[BlackTeamCountry "MRI"]

1. e4 c5 2. Nf3 Nc6 3. d4 cxd4 4. Nxd4 e5 5. Nb5 d6 6. N1c3 a6 7. Na3 Be6 8. Be3 Nf6 9. Be2 b5 ({RR} 9... Rc8 10. O-O Be7 11. Nc4 Nd4 12. Bxd4 Bxc4 13. Be3 h6 14. Kh1 O-O 15. f4 b5 16. a3 Bxe2 17. Qxe2 Rc4 18. Rad1 Nxe4 19. fxe5 Nxc3 20. bxc3 Re4 21. exd6 Bxd6 22. Qd3 Re6 23. Bc5 Be7 24. Qg3 {0-1 Al Subaihi,K (2240)-Borges Matos,J (2470) Olympiad-33 Elista 1998 (1.4)}) 10. Nd5 Nxe4 $146 ({RR} 10... Bxd5 11. exd5 Ne7 12. c4 bxc4 13. Bxc4 Nexd5 14. Qa4+ Ke7 15. Bg5 Nb6 16. Qa5 Nxc4 17. Qxd8+ Rxd8 18. Nxc4 h6 19. Be3 Ke6 20. O-O d5 21. Nb6 Nd7 22. Rfc1 d4 23. Rc6+ Bd6 24. Bd2 Nxb6 25. Rxb6 {½-½ Halfaoui,E (1831)-Pataki,Z (1522) Champagne Ardenne op 5th 2009 (3)}) ({RR} 10... Bxd5 11. exd5 Ne7 12. O-O Nexd5 13. Bf3 Nxe3 14. fxe3 d5 15. Qe2 e4 16. Bg4 Bd6 17. Rad1 Qc7 18. h3 O-O 19. Rxf6 gxf6 20. Bf5 h6 21. Qg4+ Kh8 22. Qh4 Kg7 23. Qg4+ Kh8 24. Qh4 Kg7 25. Qg4+ {½-½ Kovalenko,D-Anfinogenov,A (1930) IPCA Online New Year 2024 2023 (8)}) ({RR} 10... Rb8 11. Nxf6+ gxf6 12. f4 f5 13. Bf3 fxe4 14. Bxe4 d5 15. f5 Qh4+ 16. Kd2 dxe4 17. Kc1 {0-1 Drop,S-Zadlo,M (1667) POL-ch U12 Leba 2009 (8)}) 11. Bb6 Qc8 12. Nc7+ Kd7 13. Nxa8 Qxa8 14. O-O Be7 15. c4 b4 16. Nc2 Qb7 17. Be3 f5 18. f3 Nf6 19. b3 f4 20. Bc1 g5 21. Bb2 Rg8 22. Kh1 h5 23. Ne1 g4 24. Nd3 Ke8 25. c5 Nd5 26. Qd2 Ne3 27. cxd6 Bh4 28. Nc5 Qf7 29. fxg4 Bxg4 30. d7+ Bxd7 31. Bxh5 Qxh5 32. Qxd7+ Kf8 33. Ne6# 1-0

[Event "45th Olympiad 2024"]
[Site "Budapest HUN"]
[Date "2024.09.22"]
[Round "11.71"]
[Board "1"]
[White "Haidary, Hameedullah"]
[Black "Al-Hajiri, Bader"]
[Result "1-0"]
[WhiteElo "2192"]
[BlackElo "1947"]
[PlyCount "65"]
[EventDate "2024.09.11"]
[WhiteTeam "Afghanistan"]
[BlackTeam "Kuwait"]
[WhiteTeamCountry "AFG"]
[BlackTeamCountry "KUW"]

1. d4 d5 2. Bf4 c5 3. c3 Nc6 4. e3 Nf6 5. Bd3 Qb6 6. Qc2 c4 7. Be2 g6 8. Nd2 Bf5 9. Qc1 h6 $146 ({RR} 9... Bg7 10. Ngf3 O-O 11. h3 Rfe8 12. O-O Rac8 13. Re1 Ne4 14. Nxe4 Bxe4 15. Nd2 Bf5 16. g4 Bd3 17. Bxd3 cxd3 18. Qb1 e5 19. dxe5 Bxe5 20. Nf3 Bxf4 21. exf4 Re2 22. Rxe2 dxe2 23. Qc2 Re8 24. Re1 {½-½ Avik,S (1994)-Mohammad Fahad,R (2322) Dhaka Chowdhury Memorial Rating 2019 (7)}) ({RR} 9... Bg7 10. Ngf3 O-O 11. h3 Rad8 12. O-O Rfe8 13. b3 cxb3 14. axb3 Ne4 15. Nxe4 Bxe4 16. Nd2 Bf5 17. Qa3 a6 18. Nf3 Rd7 19. Rfc1 Qd8 20. b4 e5 21. dxe5 Nxe5 22. Nxe5 Bxe5 23. Bxe5 Rxe5 24. b5 {0-1 Valiente,P (1955)-Van Foreest,M (2278) Groninger Combinatie Open 2024 (1.3)}) ({RR} 9... Qd8 10. Ngf3 Bg7 11. O-O O-O 12. b3 b5 13. a4 a6 14. Ne5 Nxe5 15. Bxe5 Ne4 16. Bxg7 Nxd2 17. Qxd2 Kxg7 18. axb5 axb5 19. b4 Qc7 20. g4 Bd7 21. Bf3 Bc6 22. Qb2 f5 23. Rxa8 Bxa8 24. gxf5 {1-0 Gelle,I (2242)-Eros,G (2106) HUN-chT2 Breyer 0506 2005 (9)}) 10. h3 g5 11. Bh2 Rc8 12. Ngf3 Qa5 13. Ne5 b5 14. b4 cxb3 15. axb3 Qb6 16. Qb2 Bg7 17. O-O O-O 18. Rfc1 Nxe5 19. Bxe5 Ne4 20. Bxg7 Kxg7 21. Bd3 Rc7 22. Bxe4 Bxe4 23. Nxe4 dxe4 24. Qa2 e5 25. d5 Rfc8 26. c4 a5 27. Qd2 bxc4 28. bxc4 Rxc4 29. Rxc4 Rxc4 30. d6 Rc6 31. Rd1 a4 32. Qd5 Qb3 33. d7 1-0

[Event "45th Olympiad 2024"]
[Site "Budapest HUN"]
[Date "2024.09.22"]
[Round "11.71"]
[Board "2"]
[White "Al Ibrahim, Abdulrahman"]
[Black "Kanz, Ahmad Safy"]
[Result "1/2-1/2"]
[WhiteElo "1932"]
[BlackElo "1977"]
[PlyCount "78"]
[EventDate "2024.09.11"]
[WhiteTeam "Kuwait"]
[BlackTeam "Afghanistan"]
[WhiteTeamCountry "KUW"]
[BlackTeamCountry "AFG"]

1. e4 c5 2. Nf3 d6 3. d4 cxd4 4. Nxd4 Nf6 5. Nc3 a6 6. Be3 e5 7. Nb3 Be7 8. Qd2 Be6 9. O-O-O Ng4 10. g3 O-O 11. f4 Nxe3 12. Qxe3 Nc6 13. Kb1 Rc8 14. f5 Bg5 15. Qf2 Bxb3 16. cxb3 $146 ({RR} 16. axb3 Nd4 17. Bd3 Qa5 18. h4 Bd8 19. Nd5 Nc6 20. b4 Nxb4 21. Nxb4 Qxb4 22. Qd2 Qa4 23. b3 Qa3 24. Bc4 Ba5 25. Qxd6 Bb4 26. Qxe5 b5 27. Bxf7+ Rxf7 28. Qe6 Rcf8 29. Rd3 Kh8 30. h5 Re7 {0-1 Borges da Silva,R (2199)-Derjabin,I (2333) Titled Tue 21st Feb Early 2023 (5)}) 16... Nd4 17. h4 Bh6 18. g4 Bf4 19. g5 Qa5 20. Bc4 b5 21. Nd5 bxc4 22. b4 Qa4 23. Rxd4 exd4 24. Qxf4 c3 25. h5 Rfe8 26. bxc3 dxc3 27. f6 Rc4 28. fxg7 Rxb4+ 29. Ka1 Re6 30. Nxb4 Qxb4 31. Rb1 Qd4 32. Rb8+ Kxg7 33. h6+ Kg6 34. Qf5+ Kh5 35. Qxf7+ Rg6 36. Qf3+ Kxg5 37. Qg3+ Kh5 38. Qh3+ Kg5 39. Qg3+ Kh5 1/2-1/2

[Event "45th Olympiad 2024"]
[Site "Budapest HUN"]
[Date "2024.09.22"]
[Round "11.71"]
[Board "3"]
[White "Asefi, Zaheeruddeen"]
[Black "Alsaqer, Meshal"]
[Result "1-0"]
[WhiteElo "1947"]
[BlackElo "1815"]
[PlyCount "49"]
[EventDate "2024.09.11"]
[WhiteTeam "Afghanistan"]
[BlackTeam "Kuwait"]
[WhiteTeamCountry "AFG"]
[BlackTeamCountry "KUW"]

1. d4 d5 2. Nf3 Nf6 3. c4 e6 4. Nc3 Be7 5. Bg5 O-O 6. e3 Nbd7 7. Rc1 h6 8. Bh4 dxc4 9. Bxc4 c5 10. O-O b6 ({RR} 10... cxd4 11. exd4 Nh5 12. Bxe7 Qxe7 13. d5 Nb6 14. d6 Qf6 15. Ne4 Qxb2 16. Rb1 Qa3 17. Ne5 Nxc4 18. Nxc4 Qxa2 19. Ned2 Nf6 20. Ra1 Qxa1 21. Qxa1 Bd7 22. Qb2 Bc6 23. Ne5 Bd5 24. Rc1 a5 25. Ndc4 {1-0 Tal,M (2620)-Lechtynsky,J (2470) Albena-16 1984 (4)}) ({RR} 10... cxd4 11. Qxd4 Nb6 12. Be2 Qxd4 13. Nxd4 Bd7 14. Rfd1 Rac8 15. Bf3 g5 16. Bg3 Nfd5 17. Nf5 exf5 18. Bxd5 Bc6 19. Bxc6 Rxc6 20. Nb5 Rxc1 21. Rxc1 Bf6 22. h4 Rd8 23. hxg5 hxg5 24. b3 Nd5 25. e4 {½-½ Gnojek,P (2431)-Tomulic,T (2357) Mitropa Cup 2024 (7.7)}) 11. Qe2 Bb7 12. Rfd1 Qc8 $146 ({RR} 12... Ne4 13. Nxe4 Bxh4 14. dxc5 Bxe4 15. Nxh4 Qxh4 16. Rxd7 bxc5 17. f3 Bc6 18. Rc7 Rfc8 19. Rxc8+ Rxc8 20. Ba6 Rc7 21. e4 Bb7 22. Rd1 Bxa6 23. Qxa6 c4 24. Qd6 Rc8 25. h3 Qf6 26. Qd4 Qxd4+ 27. Rxd4 {½-½ Lamprecht,F (2330)-Upleger,M (2245) Oberliga Nord N 9394 1993}) ({RR} 12... Nd5 13. Bg3 cxd4 14. exd4 Rc8 15. Nxd5 exd5 16. Ba6 Bg5 17. Nxg5 Qxg5 18. Rxc8 Bxc8 19. Bd6 Bxa6 20. Qxa6 Ra8 21. Qb7 Qd8 22. Qxd5 Nf6 23. Qb7 Qc8 24. Qf3 Qe8 25. Be7 Nd7 26. Re1 Rc8 27. Bb4 {1-0 Sunthornpongsathorn,V (2325)-Moseki,G Olympiad-31 Moscow 1994 (4.3)}) ({RR} 12... Ne4 13. Bg3 Nxg3 14. hxg3 Qc7 15. d5 exd5 16. Nxd5 Bxd5 17. Bxd5 Rad8 18. a4 Nf6 19. Bc4 Rxd1+ 20. Rxd1 Rd8 21. Rxd8+ Qxd8 22. Ne5 Qc7 23. Nxf7 Kf8 24. Qd3 Qd7 25. Ne5 Qxd3 26. Bxd3 Bd6 27. Nc4 {0-1 BYE-Paul,B (1560) BCF-chT4 0607 (4NCL) 2006 (10.176)}) 13. e4 cxd4 14. Nxd4 Qc5 15. Nxe6 fxe6 16. Bxe6+ Kh8 17. Nd5 Qd6 18. Nc7 Qe5 19. Bg3 Qa5 20. Nxa8 Bxa8 21. Bxd7 Nxe4 22. Rc8 Rxc8 23. Bxc8 Qxa2 24. Bf5 Qa4 25. Bxe4 1-0

[Event "45th Olympiad 2024"]
[Site "Budapest HUN"]
[Date "2024.09.22"]
[Round "11.71"]
[Board "4"]
[White "Hussain, Hashem"]
[Black "Abdul Khaliq, Wais"]
[Result "0-1"]
[WhiteElo "1807"]
[BlackElo "1968"]
[PlyCount "50"]
[EventDate "2024.09.11"]
[WhiteTeam "Kuwait"]
[BlackTeam "Afghanistan"]
[WhiteTeamCountry "KUW"]
[BlackTeamCountry "AFG"]

1. e4 {Lukacs,Peter} c6 2. d4 d5 3. e5 c5 4. c3 Nc6 5. Be2 Bf5 6. Nf3 e6 7. O-O Be7 ({RR} 7... cxd4 8. Nxd4 ({RR} 8. cxd4 Nge7 9. a3 ({RR} 9. Nc3) ({RR} 9. b3)) 8... Nge7 ({RR} 8... Nxe5 9. Bb5+) ({RR} 8... Bxb1 9. Nxc6 ({RR} 9. Rxb1 Nge7 ({RR} 9... Nxe5 10. Bb5+ Nd7) 10. f4 Nxd4 11. cxd4 g6 12. Qa4+ Nc6 13. Bd2 Qb6 14. Bb5 a6 15. Bxc6+ Qxc6 16. Qb3 Qc4 17. Qxb7 Qc8 18. Qxc8+ Rxc8 19. Rfc1) 9... bxc6 10. Qa4 Qd7 11. Rxb1) ({RR} 8... Bg6 9. f4 ({RR} 9. Nd2 Nxe5 ({RR} 9... Nge7 10. f4) 10. f4 ({RR} 10. Bb5+ Nd7) 10... Nc6 ({RR} 10... Nd3 11. f5 Nxc1 12. Bb5+) 11. f5 Bxf5 ({RR} 11... Nxd4 12. cxd4 Bxf5 13. Rxf5 exf5 14. Bb5+ Ke7 15. Qe1+ Kf6 16. Nf3) 12. Nxf5 exf5 13. Rxf5 Nf6) ({RR} 9. Bb5 Nge7 10. Bg5)) 9. Nxf5 Nxf5 10. Bd3 Be7 ({RR} 10... g6 11. Qe2 ({RR} 11. Re1 Bc5) 11... h5 12. Nd2 Bc5 13. Nf3 Nh4 14. Ne1 g5 15. Kh1 f5 16. exf6 Qxf6 17. f4 g4 18. Be3 Bxe3 19. Qxe3 O-O-O) 11. Re1 d4 ({RR} 11... O-O 12. Nd2 ({RR} 12. Qg4 Qd7) ({RR} 12. Bxf5 exf5 13. Qd3 Qd7 ({RR} 13... g6 14. Bh6) 14. Qg3 Qe6) 12... d4 13. c4 Nb4 14. Nf3 Nxd3 15. Qxd3) 12. a3 ({RR} 12. c4 Nb4 13. Be4 d3 14. Qa4+ ({RR} 14. Bxb7 Rb8) ({RR} 14. Na3 Qd7) 14... Kf8 15. Rd1 Qd4) ({RR} 12. Be4 dxc3 13. Nxc3 ({RR} 13. Bxc6+ bxc6 14. Nxc3 Qxd1 15. Rxd1 O-O) ({RR} 13. Qxd8+ Rxd8 14. Nxc3 Nxe5 15. Bxb7 Nd3) 13... O-O ({RR} 13... Qc7 14. Bxf5 exf5 15. Nd5) ({RR} 13... Nxe5 14. Bxf5) 14. Bxf5 exf5 ({RR} 14... Qxd1 15. Bxh7+) 15. Nd5) 12... dxc3 13. Nxc3 O-O 14. Qf3 ({RR} 14. Bxf5 exf5 15. Nd5 Bc5) 14... Nh4 ({RR} 14... Ncd4 15. Qh3) 15. Qe4 Ng6 16. f4 Qb6+ ({RR} 16... Qd4+ 17. Be3 Qxe4 18. Bxe4) 17. Kf1 ({RR} 17. Kh1 Rfd8) ({RR} 17. Be3 Qxb2 ({RR} 17... Bc5) 18. Nb5 Qb3 19. Rab1 Qd5) 17... Rfd8 18. g3 Na5 ({RR} 18... Nd4 19. Be3) 19. Rb1 ({RR} 19. b4 Qc6 ({RR} 19... Rd4 20. bxa5) ({RR} 19... Qd4 20. Qxd4 Rxd4 21. Bxg6) ({RR} 19... Nb3 20. Be3 ({RR} 20. Rb1 Nxc1)) 20. Qxc6 Nxc6 21. Be4) 19... Rac8 ({RR} 19... Nb3 20. Be3 Bc5 21. Rbd1 ({RR} 21. Na4 Qa5 ({RR} 21... Bxe3 22. Nxb6 Nd2+ 23. Ke2 Nxe4 24. Nxa8) ({RR} 21... Qc6 22. Qxc6 bxc6 23. Bxg6 Bxe3 24. Rxe3 Nd2+ 25. Ke2 hxg6 26. Rc1) ({RR} 21... Qc7 22. Qc4))) 20. Be3 ({RR} 20. b4 Rxc3 21. bxa5 Qc6 ({RR} 21... Qxa5 22. Bd2 Qxa3 23. Bxc3 Qxc3 24. Red1) 22. Qxc6 bxc6) 20... Qb3 ({RR} 20... Bc5 21. Na4) 21. Bxa7 Bxa3 22. Re2 {½-½ Ivanchuk,V (2710)-Anand,V (2780) Linares 16th 1999 (1)} ({RR} 22. bxa3 Qxc3) {RR} 22... Bxb2 23. Rbxb2 Qxc3 24. Rec2 Qa3 25. Ra2) 8. h3 ({RR} 8. a3 Bg6 9. Be3 cxd4 10. cxd4 Nh6 11. Bxh6 gxh6 12. Nc3 O-O 13. b4 a6 14. Qd2 Kg7 15. Rfc1 f6 16. exf6+ Bxf6 17. Na4 Bg5 18. Nxg5 hxg5 19. Nc5 Qf6 20. Qe3 Nxd4 21. Qxd4 e5 22. Qe3 d4 {1-0 Pichot,A (2628)-Srihari,L (2372) Titled Tue 3rd Sep Early 2024 (5)}) 8... h5 9. Na3 $146 ({RR} 9. dxc5 Qc7 10. Be3 h4 11. Qa4 Kf8 12. Nbd2 Nxe5 13. Nxe5 Qxe5 14. Nf3 Qc7 15. c4 Nf6 16. Rac1 e5 17. cxd5 Nxd5 18. Bd2 Bf6 19. Bc4 Ne7 20. Ng5 Bg6 21. Rfe1 Rd8 22. Ba5 b6 23. cxb6 axb6 {1-0 Rahal,M (2403)-Gomez Lopez,R (2094) ESP-chT fin Sanxenxo 2003 (3)}) 9... cxd4 10. cxd4 g5 11. Nh2 g4 12. hxg4 hxg4 13. Bf4 Qb6 14. Bb5 Rc8 15. Rc1 a6 16. Bxc6+ bxc6 17. Qa4 Qxb2 18. Rxc6 Rxc6 19. Qxc6+ Kf8 20. Bc1 Qxd4 21. Qxa6 Qxe5 22. g3 Be4 23. Qc8+ Kg7 24. f4 Qd4+ 25. Rf2 Rxh2 0-1

[Event "45th Olympiad 2024"]
[Site "Budapest HUN"]
[Date "2024.09.22"]
[Round "11.72"]
[Board "1"]
[White "Khalema, Sechaba"]
[Black "Cogan, Nicolas"]
[Result "0-1"]
[WhiteElo "1779"]
[BlackElo "2112"]
[PlyCount "128"]
[EventDate "2024.09.11"]
[WhiteTeam "Lesotho"]
[BlackTeam "Cote d’Ivoire"]
[WhiteTeamCountry "LES"]

1. d4 Nf6 2. c4 e6 3. Nf3 d5 4. Nc3 Bb4 5. Qa4+ Nc6 6. Ne5 Bd7 7. Nxc6 Bxc3+ 8. bxc3 Bxc6 9. Qb4 dxc4 10. Qxc4 Ne4 11. Be3 O-O 12. f3 Bd5 $146 ({RR} 12... Nd6 13. Qd3 Bb5 14. Qc2 e5 15. dxe5 Nc4 16. Bf4 Qh4+ 17. g3 Qh5 18. Bg2 Nxe5 19. O-O Ng6 20. Bc1 Rfe8 21. Rf2 Qc5 22. e4 Ne5 23. a4 Bd3 24. Qb3 Rad8 25. Qb4 Qc6 26. Bf4 h6 27. Bxe5 {0-1 Freiman,S-Ragozin,V URS-ch09 Final 1934 (8)}) ({RR} 12... Nd6 13. Qc5 f5 14. g3 Qd7 15. c4 b6 16. Qb4 b5 17. cxb5 Bd5 18. Bg2 Bc4 19. Kf2 Rab8 20. Rhc1 Rxb5 21. Qa3 e5 22. dxe5 Rxe5 23. Bf1 Rfe8 24. Bf4 Nb5 25. Qb2 Rxe2+ 26. Bxe2 Rxe2+ 27. Qxe2 {0-1 Stips,F (2247)-Huber,B (2126) Oberliga Bayern 1920 2019 (5.4)}) ({RR} 12... Nd6 13. Qb3 Bd5 14. Qc2 f5 15. Bf2 b5 16. e3 a6 17. Be2 Qg5 18. O-O Nc4 19. Bxc4 Bxc4 20. Rfe1 Rf7 21. Bg3 Rc8 22. a4 h5 23. axb5 axb5 24. Ra7 Bd5 25. Qf2 Qg6 26. Kh1 Bc4 27. Rea1 {½-½ Petrovic,P (2157)-Vasiljevic,D (2333) Belgrade Jezero op 10th 2004 (6)}) 13. Qd3 Nd6 14. g3 c5 15. Bg2 cxd4 16. cxd4 Rc8 17. O-O Qa5 18. Bf4 Bc4 19. Qd1 Nb5 20. Rf2 Rfd8 21. e3 f6 22. g4 e5 23. Bg3 exd4 24. exd4 Nxd4 25. Qb1 Qc3 26. Qe1 Ne2+ 27. Kh1 Nxg3+ 28. hxg3 Qxe1+ 29. Rxe1 Kf7 30. Kg1 b5 31. Rb2 a5 32. Bf1 Bxf1 33. Kxf1 b4 34. g5 Rc3 35. gxf6 Rxf3+ 36. Kg2 Rxf6 37. Re5 Ra8 38. a3 Rb6 39. axb4 axb4 40. Rb3 Ra2+ 41. Kh3 Ra8 42. g4 Kf6 43. Re4 Rab8 44. Kh4 h6 45. Kh5 Rb5+ 46. Kh4 R8b6 47. Rf3+ Kg6 48. Rb3 h5 49. Rf4 hxg4 50. Kxg4 Rg5+ 51. Kf3 Rf5 52. Kg4 Rxf4+ 53. Kxf4 Kf6 54. Ke4 g5 55. Rf3+ Kg6 56. Rb3 Rb5 57. Kd4 g4 58. Rg3 Kg5 59. Kc4 Rb8 60. Kb3 Kf4 61. Rg1 g3 62. Rf1+ Kg4 63. Rd1 g2 64. Kc2 Kg3 0-1

[Event "45th Olympiad 2024"]
[Site "Budapest HUN"]
[Date "2024.09.22"]
[Round "11.72"]
[Board "2"]
[White "De Gondo, Simplice Armel"]
[Black "Tsephe, Lebajoa"]
[Result "0-1"]
[WhiteElo "2045"]
[BlackElo "1900"]
[PlyCount "144"]
[EventDate "2024.09.11"]
[WhiteTeam "Cote d’Ivoire"]
[BlackTeam "Lesotho"]
[BlackTeamCountry "LES"]

1. e4 c5 2. Nf3 d6 3. d4 cxd4 4. Nxd4 Nf6 5. Nc3 a6 6. Bg5 e6 7. f4 Be7 8. Qf3 Qc7 9. O-O-O Nbd7 10. Bd3 b5 11. Rhe1 Bb7 12. Qg3 b4 13. Nce2 ({RR} 13. Nb1 h6 14. Bh4 g5 15. fxg5 Rg8 16. Qf3 Ne5 17. Qe2 hxg5 18. Bg3 Nfd7 19. Nf3 Qa5 20. Nxe5 Nxe5 21. Bxe5 Qxe5 22. Nd2 Qxh2 23. Nc4 a5 24. Kb1 Qg3 25. Rf1 g4 26. Nb6 Rd8 27. Bc4 Rg6 {0-1 Wojciechowski,P (2279)-Czarnota,P (2530) Warsaw Najdorf Memorial op-A 2009 (3)}) ({RR} 13. Nd5 Bxd5 14. exd5 Nxd5 15. Be4 N7b6 16. Bxe7 Qxe7 17. Nf5 Qf6 18. Rxd5 Nxd5 19. Bxd5 Rd8 20. Nxg7+ Kf8 21. Nxe6+ fxe6 22. Rxe6 Qf5 23. Qh4 Qxd5 24. Qxd8+ {1-0 Juhasz,B (2153)-Nagy,A (1889) Senta-ch 2017 (7)}) 13... Nc5 14. Bxf6 Bxf6 15. Qe3 h6 $146 ({RR} 15... Rc8 16. Kb1 Nxd3 17. Qxd3 Qc4 {½-½ Peitl,T (2033)-Mihalik,A (1959) SVK-chT2A 0809 2008 (8.5)}) 16. Kb1 O-O-O 17. Nf3 e5 18. Ng3 exf4 19. Qxf4 Na4 20. e5 dxe5 21. Bf5+ Kb8 22. Qxb4 Nc5 23. Ne4 Be7 24. Nxc5 Bxc5 25. Qb3 Ka7 26. Rd3 g6 27. Be4 Bc8 28. Bd5 f6 29. a3 Qb6 30. Qc4 Qb5 31. b4 Qxc4 32. Bxc4 Be7 33. Nd4 Kb6 34. Nb3 Bf5 35. Rxd8 Rxd8 36. Kb2 h5 37. h3 h4 38. Re2 Bc8 39. Bd3 f5 40. Na5 e4 41. Bc4 Bf6+ 42. c3 g5 43. Nb3 Re8 44. Nd2 Bd7 45. Kb3 Re7 46. a4 Be8 47. a5+ Ka7 48. Bd5 Bh5 49. Re3 Be5 50. Nxe4 Bf4 51. Re1 Bd2 52. Nxd2 Rxe1 53. c4 Re3+ 54. Kc2 Be2 55. Nf3 Bxf3 56. gxf3 Re2+ 57. Kb3 Rh2 58. b5 axb5 59. cxb5 Rd2 60. Bc4 g4 61. fxg4 fxg4 62. Kc3 Rd1 63. Be2 Rg1 64. b6+ Kb7 65. hxg4 Rg3+ 66. Kd4 Ra3 67. g5 Rxa5 68. Bf3+ Kxb6 69. g6 Rg5 70. Be4 h3 71. Ke3 h2 72. Kf4 Rxg6 0-1

[Event "45th Olympiad 2024"]
[Site "Budapest HUN"]
[Date "2024.09.22"]
[Round "11.72"]
[Board "3"]
[White "Karabo Mokete"]
[Black "Manan, Yoboue Hermann"]
[Result "0-1"]
[WhiteElo "1836"]
[BlackElo "2030"]
[PlyCount "70"]
[EventDate "2024.09.11"]
[WhiteTeam "Lesotho"]
[BlackTeam "Cote d’Ivoire"]
[WhiteTeamCountry "LES"]

1. d4 {Marin,Mihail} Nf6 2. Nf3 d5 3. c4 e6 4. g3 Be7 5. Bg2 c5 6. cxd5 exd5 7. Nc3 Nc6 8. O-O O-O 9. h3 Ne4 ({RR} 9... Re8 10. b3 ({RR} 10. Be3 c4) ({RR} 10. Bg5 c4) 10... Ne4 11. Bb2 Bf6 12. e3 ({RR} 12. Na4 b6) 12... cxd4 13. exd4 Bf5 14. Kh2 Nxc3 15. Bxc3 Be4) ({RR} 9... c4 10. Ne5 Be6 11. f4 Qc8 12. g4 Nxd4 13. f5 Bd6 ({RR} 13... Bd7 14. g5) 14. Be3 Bxe5 15. Bxd4 Bxd4+ 16. Qxd4 Bd7 17. g5 Nh5 18. Nxd5) ({RR} 9... Be6 10. Be3 c4 ({RR} 10... cxd4 11. Nxd4 Qd7 12. Kh2) 11. Ne5 Qb6 12. Qd2 Rad8 13. Rad1 Qc7 14. Bf4 Qc8 15. g4) 10. Be3 ({RR} 10. dxc5 Bxc5 ({RR} 10... Nxc3 11. bxc3 Bxc5 12. Nd4 ({RR} 12. Rb1) 12... Bxd4 13. cxd4 Bf5 14. g4 ({RR} 14. Be3 Re8) 14... Bg6 15. Bf4) 11. Bf4 ({RR} 11. Nxd5 Nxg3) ({RR} 11. Qxd5 Nxc3 12. Qxd8 Nxe2+ 13. Kh2 Rxd8) ({RR} 11. Na4 Be7 12. Be3 Re8) 11... Nxc3 12. bxc3 Bf5 13. Nd2 ({RR} 13. Nd4 Be4) 13... Re8 ({RR} 13... g5 14. Nb3 Bb6 15. Be3 ({RR} 15. Bc1 h6) 15... Bxe3 16. fxe3 Bg6 17. Qxd5 Qe7) 14. g4 Bg6 15. e3 Bb6 16. Qb3 Re7 17. Rfd1 ({RR} 17. Bxd5 Na5 18. Qb5 a6 19. Qb4 Qxd5 20. Qxb6 Nc6 21. Rfd1 ({RR} 21. Nb3 Qf3 22. Nd2 Qxh3 23. f3 Rae8) 21... Bc2 22. Rdc1 Bg6) 17... Rd7 18. a4 Rc8 19. Rac1 h6 ({RR} 19... h5) 20. Qa2 Bc7 ({RR} 20... Bd3) 21. Nb3 b6 ({RR} 21... Qf6 22. Bxc7 Rdxc7 23. Bxd5 ({RR} 23. Rxd5 Nb4) 23... Qh4 24. Bg2 h5 25. Qe2 hxg4 26. Qxg4 Qxg4 27. hxg4 Ne5) 22. Qd2 ({RR} 22. Nd4 Na5) 22... f5 ({RR} 22... Ne5 23. Bxe5 ({RR} 23. Qe2 Be4) 23... Bxe5 24. f4 Bd6 25. f5 Bh7 26. Bxd5 Qg5 27. Qf2 g6) 23. c4 Bxf4 24. exf4 d4 {½-½ Nakamura,H (2777)-Mamedyarov,S (2801) Sinquefield Cup 6th 2018 (5)}) 10... Bf6 11. Rc1 Re8 12. Bf4 $146 ({RR} 12. Kh2 Bf5 13. dxc5 d4 14. Nxe4 Bxe4 15. Bf4 Qd5 16. b3 Rad8 17. Ne1 g5 18. Bd6 Nb4 19. f3 Bg6 20. Qd2 Nc6 21. e4 {½-½ Brettschneider,K (1973)-Schumacher,G (2182) RLP Seniors op 17th 2019 (2)}) ({RR} 12. g4 cxd4 13. Nxd4 Nxd4 14. Bxd4 Bxd4 15. Qxd4 Nxc3 16. Rxc3 Rxe2 17. Bxd5 Be6 18. Qc4 Re5 19. Bxe6 Rxe6 {½-½ Kadrev,Z-Kostov Petkov,P BUL-ch15 Sofia 1961 (8)}) ({RR} 12. Na4 Nxg3 13. fxg3 Rxe3 14. Nxc5 Qd6 15. Qd2 Qxg3 16. Rf2 Bxh3 17. Qxe3 Bxd4 18. Qxd4 Nxd4 19. Nxd4 Bxg2 {0-1 Campos,W (1950)-Teixeira,R (2305) Rio de Janeiro-ch 20th 1996 (2)}) 12... Nxd4 13. Nxd4 Bxd4 14. Nb5 Be5 15. Bxe5 Rxe5 16. Bxe4 Rxe4 17. Rxc5 Bxh3 18. Rxd5 Qb6 19. Re1 h6 20. Qd3 Re6 21. Rc1 Rae8 22. Rc2 Bg4 23. Nd4 Re5 24. Rxe5 Rxe5 25. Nf3 Bf5 26. Qc3 Ra5 27. Rd2 Rxa2 28. Qe5 Ra1+ 29. Kg2 Qe6 30. Qb8+ Kh7 31. Rd8 Qxe2 32. Rh8+ Kg6 33. Nh4+ Kh5 34. Re8 Bh3+ 35. Kxh3 Qf1+ 0-1

[Event "45th Olympiad 2024"]
[Site "Budapest HUN"]
[Date "2024.09.22"]
[Round "11.72"]
[Board "4"]
[White "Nean, Franck Anderson"]
[Black "Motlomelo, Lihloela"]
[Result "1-0"]
[WhiteElo "1917"]
[BlackElo "1696"]
[PlyCount "121"]
[EventDate "2024.09.11"]
[WhiteTeam "Cote d’Ivoire"]
[BlackTeam "Lesotho"]
[BlackTeamCountry "LES"]

1. d4 d5 2. c4 c6 3. Nf3 e6 4. e3 Nf6 5. Bd3 dxc4 6. Bxc4 b5 7. Bd3 Bb7 8. a3 ({RR} 8. O-O a6 9. a4 b4 10. e4 c5 11. e5 Nd5 12. Nbd2 Nd7 13. Nc4 cxd4 14. Bg5 Qb8 15. Re1 h6 16. Bh4 Nc5 17. a5 Nf4 18. Bc2 b3 19. Bxb3 Bc6 20. Nb6 Qb7 21. Nxd4 Bb5 22. f3 Nxb3 {½-½ Hracek,Z (2625)-Potapov,P (2418) Pardubice Chladek&Tintera op-A 19th 2008 (3)}) ({RR} 8. O-O a6 9. b3 Be7 10. Bb2 O-O 11. Nbd2 c5 12. Rc1 Nbd7 13. Bb1 Rc8 14. Qe2 Qb6 15. e4 cxd4 16. e5 Nd5 17. Bxd4 Qa5 18. Ne4 Nf4 19. Qe3 Nd5 20. Qe2 Nf4 21. Qe3 Nd5 22. Qe2 Nf4 {½-½ Mbongeni,M (1784)-Abdellahi Khaled Abdellahi (1894) 45th Olympiad 2024 (5.81)}) 8... a6 9. Qc2 Nbd7 10. b4 a5 $146 ({RR} 10... Be7 11. Nbd2 O-O 12. O-O a5 13. bxa5 Qxa5 14. Bb2 Qb6 15. Rfb1 Rfc8 16. a4 Qd8 17. axb5 Rxa1 18. Bxa1 cxb5 19. Qd1 b4 20. Qb3 Nd5 21. Nc4 Ba6 22. Nfd2 Bxc4 23. Nxc4 N7b6 24. Rc1 Ra8 25. Bb2 {½-½ Maziukas,K (1487)-Vasiliauskas,A (1449) Panevezys op U1600 2015 (6)}) 11. bxa5 Qxa5+ 12. Bd2 Qb6 13. Qb2 Bd6 14. e4 Be7 15. O-O O-O 16. Bc3 Rfd8 17. Qc2 Nf8 18. Ra2 Ra4 19. Rb2 Rda8 20. Bb4 Bxb4 21. axb4 Nh5 22. Nc3 Ra1 23. Rbb1 Rxb1 24. Rxb1 Nf4 25. Bf1 Qd8 26. g3 N4g6 27. Bg2 Qe7 28. e5 Nd7 29. Ne4 Nb6 30. Nc5 Nc4 31. Qc1 Nb6 32. Nd2 Nd5 33. Nde4 Rd8 34. Nd6 Ba8 35. Qa3 f6 36. f4 fxe5 37. dxe5 Nf8 38. Bh3 Nc7 39. Qa7 Rxd6 40. exd6 Qxd6 41. Qa2 g6 42. Qe2 Kf7 43. Rd1 Nd5 44. Qa2 Qb8 45. Qa5 Bb7 46. Rxd5 exd5 47. Qb6 Qa8 48. Qxb7+ Qxb7 49. Nxb7 Ne6 50. Bxe6+ Kxe6 51. Kf2 h6 52. Ke3 g5 53. fxg5 hxg5 54. h4 gxh4 55. gxh4 Ke5 56. h5 Kf5 57. Kd4 Kg5 58. Na5 Kxh5 59. Nxc6 Kg5 60. Kxd5 Kf6 61. Kc5 1-0

[Event "45th Olympiad 2024"]
[Site "Budapest HUN"]
[Date "2024.09.22"]
[Round "11.73"]
[Board "1"]
[White "Gurner, Jem"]
[Black "Moncur, Cecil"]
[Result "1/2-1/2"]
[WhiteElo "2091"]
[BlackElo "1839"]
[PlyCount "127"]
[EventDate "2024.09.11"]
[WhiteTeam "Jersey"]
[BlackTeam "Bahamas"]
[BlackTeamCountry "BAH"]

1. d4 g6 2. c4 Bg7 3. Nc3 d6 4. e4 Nc6 5. Nge2 e5 6. d5 Nce7 7. h4 h6 8. h5 g5 9. Ng3 f5 10. exf5 Nxf5 11. Nxf5 Bxf5 12. g4 Bh7 13. Bd3 Nf6 $146 ({RR} 13... e4 14. Nxe4 Qe7 15. O-O O-O-O 16. Ng3 Be5 17. Bxh7 Qxh7 18. f4 gxf4 19. Bxf4 Bxf4 20. Rxf4 Qg7 21. Qd4 Qxd4+ 22. Rxd4 Nf6 23. Nf5 Rde8 24. Rf1 Nd7 25. Kg2 Re2+ 26. Rf2 Re1 27. Rdf4 Ne5 28. Ne7+ {1-0 Turov,M (2586)-Djurhuus,R (2437) NOR-chT 1415 2014 (7.3)}) 14. Bxh7 Nxh7 15. Qd3 O-O 16. Ne4 Nf6 17. f3 Nxe4 18. Qxe4 Qf6 19. O-O b6 20. Be3 a5 21. b3 Rf7 22. Kg2 Bf8 23. a3 Be7 24. b4 Rff8 25. Rfc1 Qf7 26. Rcb1 axb4 27. axb4 Qh7 28. Bd2 Qxe4 29. fxe4 Rfc8 30. Kf3 Rf8+ 31. Ke2 Kf7 32. Rf1+ Kg8 33. Rxf8+ Rxf8 34. Ra7 Rc8 35. Be3 Kf8 36. Kd3 Ke8 37. Kc3 Kd8 38. Kb3 Rb8 39. Ka4 Kc8 40. Kb5 Kd7 41. Bg1 Bf8 42. Ra3 Be7 43. Ra7 Bf8 44. Ka4 Kc8 45. Kb3 Be7 46. Ra1 Kb7 47. Rf1 Rf8 48. Rf5 Ka6 49. Kc3 Kb7 50. Kd3 Kc8 51. c5 bxc5 52. bxc5 Kd7 53. Kc4 Kc8 54. Kb5 Kd7 55. cxd6 cxd6 56. Bb6 Rf6 57. Ka6 Rf8 58. Kb7 Rf6 59. Be3 Rf8 60. Rf2 Rxf2 61. Bxf2 Bd8 62. Be3 Bf6 63. Bd2 Bd8 64. Bb4 1/2-1/2